[Event "Kiel op"]
[Site "Kiel"]
[Date "2025.07.03"]
[Round "6"]
[White "Smeryk, Andriy"]
[Black "Gierulski, Kamil"]
[Result "1/2-1/2"]
[WhiteElo "2087"]
[BlackElo "2262"]
[PlyCount "29"]
[EventDate "2025.06.30"]
[EventType "swiss"]
[EventRounds "9"]
[EventCountry "GER"]
[SourceTitle "CB28_2025"]
[SourceDate "2025.07.09"]
[SourceVersion "1"]
[SourceVersionDate "2025.07.09"]
[SourceQuality "1"]

1. e4 e5 2. d4 exd4 3. Nf3 Nc6 4. Bc4 Nf6 5. 0-0 Nxe4 6. Re1 d5 7. Bxd5 Qxd5 8. Nc3 Qh5 9. Nxe4 Be7 10. Nxd4 Qxd1 11. Rxd1 Nxd4 12. Rxd4 Be6 13. Bf4 Rc8 14. Ng5 Bxg5 15. Bxg5 1/2-1/2

[Event "Kiel op"]
[Site "Kiel"]
[Date "2025.07.01"]
[Round "2"]
[White "Smeryk, Andriy"]
[Black "Rudzinska, Michalina"]
[Result "0-1"]
[WhiteElo "2087"]
[BlackElo "2231"]
[PlyCount "74"]
[EventDate "2025.06.30"]
[EventType "swiss"]
[EventRounds "9"]
[EventCountry "GER"]
[SourceTitle "CB28_2025"]
[SourceDate "2025.07.09"]
[SourceVersion "1"]
[SourceVersionDate "2025.07.09"]
[SourceQuality "1"]

1. e4 c5 2. Nf3 d6 3. Bb5+ Bd7 4. Bxd7+ Qxd7 5. 0-0 Nf6 6. Qe2 e6 7. c3 Nc6 8. d4 cxd4 9. cxd4 d5 10. e5 Ne4 11. Rd1 Rc8 12. Be3 f6 13. exf6 Nxf6 14. Bf4 Bd6 15. Bxd6 Qxd6 16. Nc3 0-0 17. Ne5 Nd7 18. Nxd7 Qxd7 19. g3 Ne7 20. Re1 Rf6 21. f4 Nf5 22. Qd3 Qf7 23. Rac1 Rf8 24. Rc2 Qh5 25. Rg2 Qh3 26. Nd1 Nh4 27. Rd2 Qg4 28. Kh1 Qf3+ 29. Kg1 Qg4 30. Kh1 Nf3 31. Ne3 Qxg3 32. Rf1 Rh6 33. Ng4 Rh3 34. Rg2 Qxg4 35. Qe2 Qh5 36. Qxe6+ Kh8 37. Rff2 Re8 0-1

[Event "Malopolska-ch"]
[Site "Krakow"]
[Date "2025.06.21"]
[Round "6"]
[White "Smeryk, Andriy"]
[Black "Orzechowski, Jacek"]
[Result "1-0"]
[WhiteElo "2087"]
[BlackElo "2036"]
[PlyCount "47"]
[EventDate "2025.06.19"]
[EventType "swiss"]
[EventRounds "7"]
[EventCountry "POL"]
[SourceTitle "CB26_2025"]
[SourceDate "2025.06.25"]
[SourceVersion "1"]
[SourceVersionDate "2025.06.25"]
[SourceQuality "1"]

1. e4 e6 2. d4 d5 3. e5 c5 4. c3 Nc6 5. Nf3 Nge7 6. Bd3 cxd4 7. 0-0 dxc3 8. bxc3 Ng6 9. Qe2 Be7 10. g3 0-0 11. h4 f6 12. exf6 gxf6 13. c4 Nge5 14. Nxe5 Nxe5 15. Rd1 Nxd3 16. Rxd3 d4 17. Nc3 e5 18. Nd5 Bc5 19. Bh6 Rf7 20. Qe4 Be6 21. f4 Qd6 22. Nxf6+ Rxf6 23. fxe5 Bf5 24. Qxb7 1-0

[Event "Malopolska-ch"]
[Site "Krakow"]
[Date "2025.06.20"]
[Round "4"]
[White "Smeryk, Andriy"]
[Black "Werblinski, Wojciech"]
[Result "1/2-1/2"]
[WhiteElo "2087"]
[BlackElo "2001"]
[PlyCount "101"]
[EventDate "2025.06.19"]
[EventType "swiss"]
[EventRounds "7"]
[EventCountry "POL"]
[SourceTitle "CB26_2025"]
[SourceDate "2025.06.25"]
[SourceVersion "1"]
[SourceVersionDate "2025.06.25"]
[SourceQuality "1"]

1. e4 c5 2. Nf3 e6 3. Nc3 Nc6 4. g3 d5 5. d3 b5 6. a3 b4 7. axb4 cxb4 8. Ne2 dxe4 9. dxe4 Qxd1+ 10. Kxd1 Bc5 11. Be3 Bxe3 12. fxe3 Nf6 13. Bg2 Bb7 14. Nd2 Ng4 15. Nc4 0-0 16. Ke1 a5 17. h3 Nge5 18. Nxe5 Nxe5 19. b3 Rfc8 20. Ra2 Rc5 21. Kf2 Rd8 22. Nd4 Nc6 23. Nf3 Ne7 24. Nd4 e5 25. Ne2 Rd2 26. Rha1 Nc6 27. Rc1 Ba6 28. Bf1 Rd6 29. Ke1 g6 30. Rca1 Kg7 31. Bg2 Rb5 32. Rd1 Rxd1+ 33. Kxd1 Rb8 34. Ng1 Rd8+ 35. Ke1 Kf6 36. Nf3 Ke7 37. Nd2 Bb5 38. Bf1 Bxf1 39. Nxf1 Kd6 40. Nd2 Kc5 41. Ke2 Ra8 42. Ra1 Ra7 43. g4 h6 44. h4 Rd7 45. Nc4 Kb5 46. Nb2 Ne7 47. Nd3 Rc7 48. Kd2 Rd7 49. Ke2 Rc7 50. Kd2 Rd7 51. Ke2 1/2-1/2

[Event "Malopolska-ch"]
[Site "Krakow"]
[Date "2025.06.19"]
[Round "1"]
[White "Mis, Mieszko"]
[Black "Smeryk, Andriy"]
[Result "1-0"]
[WhiteElo "2369"]
[BlackElo "2087"]
[PlyCount "61"]
[EventDate "2025.06.19"]
[EventType "swiss"]
[EventRounds "7"]
[EventCountry "POL"]
[SourceTitle "CB26_2025"]
[SourceDate "2025.06.25"]
[SourceVersion "1"]
[SourceVersionDate "2025.06.25"]
[SourceQuality "1"]

1. d4 Nf6 2. c4 e6 3. Nc3 Bb4 4. e3 c5 5. Nge2 d5 6. a3 Bxc3+ 7. Nxc3 b6 8. cxd5 exd5 9. Bb5+ Bd7 10. Be2 Bc6 11. 0-0 0-0 12. b3 Qe7 13. a4 a5 14. Ba3 Na6 15. Bxa6 Rxa6 16. Rc1 Rc8 17. Ne2 Ba8 18. Qd3 Ra7 19. Rfd1 Bb7 20. Nf4 Ba6 21. Qf5 g6 22. Qe5 Qxe5 23. dxe5 Ne8 24. Nxd5 Rb7 25. f3 Kf8 26. Kf2 Ng7 27. Nf6 h6 28. Rd7 Rbc7 29. Rcd1 Ne6 30. R1d6 Rc6 31. Ra7 1-0

[Event "EU-ch U18 blitz"]
[Site "Prague"]
[Date "2024.08.20"]
[Round "12"]
[White "Dovgaliuk, Oleksandr"]
[Black "Smeryk, Andriy"]
[Result "1-0"]
[WhiteElo "1993"]
[BlackElo "1837"]
[PlyCount "133"]
[EventDate "2024.08.19"]
[EventType "swiss (blitz)"]
[EventRounds "18"]
[EventCountry "CZE"]
[SourceTitle "CBM 221 Extra"]
[Source "ChessBase"]
[SourceDate "2024.09.30"]
[SourceVersion "1"]
[SourceVersionDate "2024.09.30"]
[SourceQuality "1"]

1. d4 Nf6 2. Bg5 e6 3. Nd2 h6 4. Bh4 d5 5. e3 Bd6 6. Bd3 c6 7. c3 Nbd7 8. f4 Qc7 9. Ngf3 0-0 10. 0-0 Ne8 11. Ne5 Bxe5 12. fxe5 f5 13. Qh5 Nb6 14. g4 Qf7 15. Qxf7+ Rxf7 16. gxf5 exf5 17. a4 Be6 18. a5 Nd7 19. b4 g5 20. Bg3 a6 21. h4 Ng7 22. hxg5 hxg5 23. Nf3 Nh5 24. Nxg5 Nxg3 25. Rf3 Ne4 26. Nxe6 Re8 27. Bxe4 fxe4 28. Rg3+ Kh8 29. Ng5 Rg7 30. Kg2 Nf8 31. Rh1+ Kg8 32. Rh6 Ng6 33. Nh3 Ne7 34. Rxg7+ Kxg7 35. Re6 Kf7 36. Ng5+ Kg7 37. Rd6 Nf5 38. Rd7+ Kg6 39. Nh3 Nxe3+ 40. Kg3 Rg8 41. Kf4 Ng2+ 42. Kg3 Ne3 43. Rxb7 Kf5+ 44. Kf2 Nd1+ 45. Ke1 Nxc3 46. Rf7+ Kg4 47. Nf2+ Kg3 48. e6 e3 49. Nd1 Nb5 50. e7 Re8 51. Nxe3 Nxd4 52. Kd2 Nf3+ 53. Kc2 Ne5 54. Rg7+ Kf4 55. Ng2+ Kf5 56. Ne3+ Kf6 57. Rh7 Rxe7 58. Rh6+ Kg5 59. Rd6 Kf4 60. Ng2+ Kf3 61. Nh4+ Kg4 62. Ng6 Nxg6 63. Rxg6+ Kf5 64. Rxc6 Ke4 65. Rxa6 Ke3 66. Rd6 d4 67. b5 1-0

[Event "Wroclaw Anderssen Memorial op"]
[Site "Wroclaw"]
[Date "2024.08.15"]
[Round "9"]
[White "Hasterok, Mateusz"]
[Black "Smeryk, Andriy"]
[Result "1-0"]
[WhiteElo "2142"]
[BlackElo "1837"]
[PlyCount "67"]
[EventDate "2024.08.15"]
[EventType "swiss (blitz)"]
[EventRounds "9"]
[EventCountry "POL"]
[SourceTitle "CBM 221 Extra"]
[Source "ChessBase"]
[SourceDate "2024.09.30"]
[SourceVersion "1"]
[SourceVersionDate "2024.09.30"]
[SourceQuality "1"]

1. d4 Nf6 2. c4 e6 3. Nc3 Bb4 4. f3 c5 5. d5 d6 6. e4 e5 7. Nge2 Qe7 8. Ng3 Bxc3+ 9. bxc3 b6 10. Bd3 h6 11. a4 a5 12. Rb1 Qc7 13. f4 Nbd7 14. 0-0 Ba6 15. Nf5 Rg8 16. Qf3 h5 17. h3 Ra7 18. g4 hxg4 19. hxg4 Kd8 20. g5 Ne8 21. Qg3 f6 22. gxf6 Nexf6 23. Qg6 exf4 24. Bxf4 Ne5 25. Bxe5 dxe5 26. d6 Qc6 27. Ne7 Rxe7 28. dxe7+ Kxe7 29. Rf5 Qd6 30. Rd1 Bc8 31. Rf2 Be6 32. Qg5 Bd7 33. Be2 Qc7 34. Rxf6 1-0

[Event "Wroclaw Anderssen Memorial op"]
[Site "Wroclaw"]
[Date "2024.08.15"]
[Round "8"]
[White "Smeryk, Andriy"]
[Black "Gora, Antoni"]
[Result "1-0"]
[WhiteElo "1837"]
[BlackElo "1663"]
[PlyCount "31"]
[EventDate "2024.08.15"]
[EventType "swiss (blitz)"]
[EventRounds "9"]
[EventCountry "POL"]
[SourceTitle "CBM 221 Extra"]
[Source "ChessBase"]
[SourceDate "2024.09.30"]
[SourceVersion "1"]
[SourceVersionDate "2024.09.30"]
[SourceQuality "1"]

1. b3 c5 2. Bb2 Nf6 3. e3 Nc6 4. f4 d5 5. Nf3 e6 6. Bd3 Bd6 7. 0-0 0-0 8. Ne5 Qc7 9. Nxc6 bxc6 10. Bxf6 gxf6 11. Bxh7+ Kxh7 12. Qh5+ Kg7 13. Qg4+ Kh7 14. Rf3 Bxf4 15. exf4 Qxf4 16. Qxf4 1-0

[Event "Wroclaw Anderssen Memorial op"]
[Site "Wroclaw"]
[Date "2024.08.15"]
[Round "3"]
[White "Zyto, Karol"]
[Black "Smeryk, Andriy"]
[Result "0-1"]
[WhiteElo "1771"]
[BlackElo "1837"]
[PlyCount "46"]
[EventDate "2024.08.15"]
[EventType "swiss (blitz)"]
[EventRounds "9"]
[EventCountry "POL"]
[SourceTitle "CBM 221 Extra"]
[Source "ChessBase"]
[SourceDate "2024.09.30"]
[SourceVersion "1"]
[SourceVersionDate "2024.09.30"]
[SourceQuality "1"]

1. d4 Nf6 2. Nf3 e6 3. c4 Bb4+ 4. Bd2 Bxd2+ 5. Nbxd2 d5 6. e3 0-0 7. Bd3 Qe7 8. 0-0 Nbd7 9. Qc2 g6 10. a3 c6 11. e4 dxe4 12. Nxe4 Nxe4 13. Bxe4 e5 14. Rfe1 f5 15. Bd3 e4 16. Bf1 Qf6 17. Nd2 Qxd4 18. Nxe4 fxe4 19. Rxe4 Qf6 20. c5 Ne5 21. Qc3 Qxf2+ 22. Kh1 Qxf1+ 23. Rxf1 Rxf1# 0-1

[Event "Wroclaw op-B"]
[Site "Wroclaw"]
[Date "2024.08.14"]
[Round "9"]
[White "Smeryk, Andriy"]
[Black "Kiolbasa, Damian"]
[Result "1/2-1/2"]
[WhiteElo "1837"]
[BlackElo "1984"]
[PlyCount "103"]
[EventDate "2024.08.08"]
[EventType "swiss"]
[EventRounds "9"]
[EventCountry "POL"]
[SourceTitle "EXT 2025"]
[Source "ChessBase"]
[SourceDate "2024.10.14"]
[SourceVersion "1"]
[SourceVersionDate "2024.10.14"]
[SourceQuality "1"]

1. d4 f5 2. c4 Nf6 3. Nc3 e6 4. g3 Bb4 5. Bd2 c5 6. a3 Bxc3 7. Bxc3 Ne4 8. Qd3 Nxc3 9. Qxc3 cxd4 10. Qxd4 0-0 11. Nf3 Nc6 12. Qc3 Qe7 13. b4 e5 14. Bg2 e4 15. Nd4 d6 16. Nxc6 bxc6 17. e3 d5 18. cxd5 cxd5 19. 0-0 Ba6 20. Rfc1 Rfc8 21. Qd4 Bc4 22. Bf1 Qe6 23. Bxc4 dxc4 24. Rc3 Rc7 25. Rd1 Rac8 26. a4 a6 27. Qd5 Kf7 28. Kf1 g5 29. g4 Kf6 30. gxf5 Qxf5 31. Qxf5+ Kxf5 32. Rd5+ Kf6 33. Rd6+ Kf5 34. Rxa6 Rd7 35. Ra5+ Kg4 36. Kg2 Rd2 37. h3+ Kh5 38. Rc1 Rf8 39. Rf1 Rb2 40. Rb5 Rf3 41. a5 Rxe3 42. Rc5 Rc3 43. b5 e3 44. b6 Ra3 45. h4 Kxh4 46. Rxc4+ Kh5 47. Rc5 Raa2 48. Kg3 exf2 49. Rf5 Ra3+ 50. Kg2 Kg4 51. R1xf2 Rbb3 52. Rd5 1/2-1/2

[Event "Wroclaw op-B"]
[Site "Wroclaw"]
[Date "2024.08.12"]
[Round "7"]
[White "Smeryk, Andriy"]
[Black "Reiche, Niccolo"]
[Result "1-0"]
[WhiteElo "1837"]
[BlackElo "2055"]
[PlyCount "163"]
[EventDate "2024.08.08"]
[EventType "swiss"]
[EventRounds "9"]
[EventCountry "POL"]
[SourceTitle "EXT 2025"]
[Source "ChessBase"]
[SourceDate "2024.10.14"]
[SourceVersion "1"]
[SourceVersionDate "2024.10.14"]
[SourceQuality "1"]

1. d4 e6 2. c4 Nf6 3. g3 d5 4. Bg2 Be7 5. Nf3 0-0 6. 0-0 b6 7. cxd5 exd5 8. Nc3 Bb7 9. Bf4 c6 10. Rc1 Nbd7 11. Ne5 c5 12. dxc5 Nxc5 13. Nb5 Ne6 14. Be3 Bd6 15. Nxd6 Qxd6 16. Nf3 Qb4 17. Bd4 Ne4 18. a3 Qb5 19. Qd3 Qa4 20. Rfe1 Rac8 21. e3 Ba6 22. Qd1 Qd7 23. Ne5 Qd6 24. Bf1 Rxc1 25. Qxc1 Rc8 26. Qd1 Bxf1 27. Rxf1 Nxd4 28. Qxd4 Ng5 29. Qg4 Ne6 30. Nf3 Rc4 31. Qf5 g6 32. Qf6 Rc6 33. Rd1 Nc5 34. Qd4 Ne4 35. Ne5 Ng5 36. Kg2 Rc8 37. Qxd5 Qxd5+ 38. Rxd5 Rc2 39. Nd3 Ne4 40. Rd4 f5 41. Rd7 Rd2 42. Rd4 Rc2 43. g4 Kg7 44. a4 Kf6 45. gxf5 gxf5 46. h4 h6 47. Kg1 Ke7 48. Rd5 Kf6 49. a5 Rd2 50. axb6 axb6 51. Rd4 b5 52. Kf1 Rc2 53. Ke1 Rc6 54. Nb4 Rc1+ 55. Ke2 Ke6 56. f3 Nc5 57. Nd3 Nxd3 58. Kxd3 Rf1 59. Ke2 Rh1 60. Rb4 Rh3 61. Kf2 f4 62. exf4 Kf6 63. f5 Rh1 64. Kg2 Rd1 65. Rxb5 Rd2+ 66. Kg3 Rc2 67. Kg4 Rg2+ 68. Kf4 Rd2 69. Rb6+ Kg7 70. Kg3 Re2 71. b4 Rb2 72. b5 Rb4 73. f4 h5 74. Kf3 Rc4 75. Rc6 Rb4 76. f6+ Kg6 77. Rc5 Rb3+ 78. Ke4 Rb4+ 79. Ke5 Rb1 80. Kd6 Kxf6 81. Kc7 Ke7 82. b6 1-0

[Event "Wroclaw op-B"]
[Site "Wroclaw"]
[Date "2024.08.11"]
[Round "5"]
[White "Turner, Justin"]
[Black "Smeryk, Andriy"]
[Result "0-1"]
[WhiteElo "1967"]
[BlackElo "1837"]
[PlyCount "116"]
[EventDate "2024.08.08"]
[EventType "swiss"]
[EventRounds "9"]
[EventCountry "POL"]
[SourceTitle "EXT 2025"]
[Source "ChessBase"]
[SourceDate "2024.10.14"]
[SourceVersion "1"]
[SourceVersionDate "2024.10.14"]
[SourceQuality "1"]

1. e4 c5 2. b4 cxb4 3. d4 d5 4. exd5 Qxd5 5. c4 Qe4+ 6. Be3 Nf6 7. Nd2 Qc6 8. Ngf3 Bg4 9. d5 Qd6 10. Qa4+ Bd7 11. Qb3 e6 12. Rd1 Qc7 13. dxe6 Bxe6 14. Nd4 Bd7 15. Be2 Bd6 16. Bg5 Be5 17. N2f3 0-0 18. Nxe5 Qxe5 19. Nf3 Qa5 20. Bxf6 gxf6 21. Rd5 Qa3 22. Qxa3 bxa3 23. 0-0 Be6 24. Ra5 Rc8 25. Rc1 Nc6 26. Rxa3 Ne5 27. Nxe5 fxe5 28. Bf3 Rc7 29. h4 f5 30. Be2 b6 31. Re1 Kf7 32. Re3 Kf6 33. Rxe5 Kxe5 34. Bf3+ Kf6 35. Bxa8 Rxc4 36. Re3 Rxh4 37. a3 Rc4 38. Bb7 Rc1+ 39. Kh2 Rb1 40. Ba6 Bf7 41. a4 Rb4 42. Bb5 Bb3 43. Rh3 Bxa4 44. Ba6 Bb5 45. Bc8 Rc4 46. Bxf5 Kxf5 47. Rh5+ Ke4 48. Rxb5 Rc5 49. Rb4+ Kd3 50. Kg3 b5 51. f4 a5 52. Rb1 b4 53. Rh1 Rc7 54. Ra1 Ra7 55. Kg4 b3 56. Kg5 b2 57. Ra3+ Kc2 58. Ra2 Kb3 0-1

[Event "Lvov Buturina Memorial 2nd"]
[Site "Lvov"]
[Date "2022.11.20"]
[Round "7"]
[White "Kalmuk, Yaropolk"]
[Black "Smeryk, Andriy"]
[Result "0-1"]
[WhiteElo "1642"]
[BlackElo "1493"]
[PlyCount "58"]
[EventDate "2022.11.18"]
[EventType "swiss (rapid)"]
[EventRounds "9"]
[EventCountry "UKR"]
[SourceTitle "CBM 212 Extra"]
[Source "ChessBase"]
[SourceDate "2023.03.31"]
[SourceVersion "1"]
[SourceVersionDate "2023.03.31"]
[SourceQuality "1"]

1. e4 d5 2. exd5 Nf6 3. Nf3 Nxd5 4. d4 g6 5. c4 Nb6 6. Be3 Bg7 7. Nc3 0-0 8. h3 Nc6 9. Be2 e5 10. d5 Ne7 11. g4 f5 12. Qd2 f4 13. Bc5 Nd7 14. Ba3 b6 15. Ne4 Re8 16. 0-0-0 Bb7 17. Nfg5 Nf8 18. Rhe1 Nc8 19. Bxf8 Bxf8 20. Ne6 Qe7 21. Bf3 Nd6 22. Qc3 Bg7 23. Nxd6 cxd6 24. h4 Bc8 25. Nxf4 Qxh4 26. Re4 Bh6 27. Rde1 Bd7 28. Rh1 Bxf4+ 29. Rxf4 Qg5 0-1

[Event "Lvov Buturina Memorial 2nd"]
[Site "Lvov"]
[Date "2022.11.20"]
[Round "9"]
[White "Smeryk, Andriy"]
[Black "Chugai, Roman"]
[Result "1/2-1/2"]
[WhiteElo "1493"]
[BlackElo "1723"]
[PlyCount "28"]
[EventDate "2022.11.18"]
[EventType "swiss (rapid)"]
[EventRounds "9"]
[EventCountry "UKR"]
[SourceTitle "CBM 212 Extra"]
[Source "ChessBase"]
[SourceDate "2023.03.31"]
[SourceVersion "1"]
[SourceVersionDate "2023.03.31"]
[SourceQuality "1"]

1. b3 e5 2. Bb2 Nc6 3. e3 Nf6 4. Bb5 Bd6 5. Ne2 e4 6. Ng3 Be5 7. Bxe5 Nxe5 8. d4 exd3 9. Bxd3 d6 10. h3 h5 11. Nc3 h4 12. Nge4 Nxe4 13. Bxe4 c6 14. Qd2 Qa5 1/2-1/2

[Event "Lvov Buturina Memorial 2nd"]
[Site "Lvov"]
[Date "2022.11.20"]
[Round "8"]
[White "Yushko, Olga"]
[Black "Smeryk, Andriy"]
[Result "1/2-1/2"]
[WhiteElo "2064"]
[BlackElo "1493"]
[PlyCount "72"]
[EventDate "2022.11.18"]
[EventType "swiss (rapid)"]
[EventRounds "9"]
[EventCountry "UKR"]
[SourceTitle "CBM 212 Extra"]
[Source "ChessBase"]
[SourceDate "2023.03.31"]
[SourceVersion "1"]
[SourceVersionDate "2023.03.31"]
[SourceQuality "1"]

1. d4 Nf6 2. c4 e6 3. Nc3 Bb4 4. Qc2 b6 5. Nf3 Bb7 6. a3 Bxc3+ 7. Qxc3 d6 8. g3 0-0 9. Bg2 Nbd7 10. 0-0 Qe7 11. b4 a5 12. Bb2 axb4 13. axb4 c5 14. bxc5 bxc5 15. e3 Rfc8 16. Rxa8 Rxa8 17. Ra1 Qd8 18. Ra3 Rxa3 19. Bxa3 Qb6 20. Qb2 Qxb2 21. Bxb2 h6 22. Nd2 Bxg2 23. Kxg2 Kf8 24. Kf3 Ke7 25. h3 Nb6 26. Ba3 Nfd7 27. Ke2 e5 28. Kd3 f5 29. f3 Ke6 30. Nb3 Na4 31. Na5 exd4 32. exd4 cxd4 33. Kxd4 Nac5 34. Nc6 g6 35. Nd8+ Ke7 36. Nc6+ Ke6 1/2-1/2

[Event "Lvov Buturina Memorial 2nd"]
[Site "Lvov"]
[Date "2022.11.19"]
[Round "4"]
[White "Hnatyshyn, Anastasiya"]
[Black "Smeryk, Andriy"]
[Result "1/2-1/2"]
[WhiteElo "2090"]
[BlackElo "1493"]
[PlyCount "126"]
[EventDate "2022.11.18"]
[EventType "swiss (rapid)"]
[EventRounds "9"]
[EventCountry "UKR"]
[SourceTitle "CBM 212 Extra"]
[Source "ChessBase"]
[SourceDate "2023.03.31"]
[SourceVersion "1"]
[SourceVersionDate "2023.03.31"]
[SourceQuality "1"]

1. d4 Nf6 2. Nf3 e6 3. g3 b6 4. Bg2 Bb7 5. 0-0 Be7 6. c4 0-0 7. Nc3 Ne4 8. Qc2 Nxc3 9. Qxc3 d6 10. b3 Nd7 11. Bb2 Re8 12. Rfd1 f5 13. Ng5 Bxg5 14. Bxb7 Rb8 15. Bc6 f4 16. Kg2 Rf8 17. Rh1 Qe7 18. h4 Bh6 19. g4 g6 20. Rag1 g5 21. hxg5 Bxg5 22. Rh5 h6 23. Bf3 Nf6 24. Rh2 Rbe8 25. Bc6 Rd8 26. Bf3 Rde8 27. Qc2 Qh7 28. Qxh7+ Kxh7 29. Bc6 Rd8 30. f3 Kg6 31. Rhh1 Nd7 32. Bc1 Rfe8 33. Rf1 e5 34. Be4+ Kf7 35. d5 Kg7 36. Bd2 a5 37. Bf5 Nc5 38. Bc3 Ra8 39. Rh5 Red8 40. Rfh1 Rh8 41. Be1 Rad8 42. Bd2 Nd7 43. Kf2 Nf6 44. R5h3 Rde8 45. Bc3 Kf7 46. Be6+ Kg6 47. Bf5+ Kf7 48. Be4 Nxe4+ 49. fxe4 Kg6 50. Kf3 Rh7 51. a3 Reh8 52. Rh5 Ra8 53. Ra1 Rhh8 54. Rhh1 h5 55. gxh5+ Rxh5 56. Rxh5 Kxh5 57. Rh1+ Kg6 58. Be1 Kf6 59. Rg1 Kf7 60. Rh1 Kg6 61. Bf2 Be7 62. Rg1+ Kf7 63. Rh1 Kg6 1/2-1/2

[Event "Warsaw Najdorf Memorial op-B"]
[Site "Warsaw"]
[Date "2022.07.15"]
[Round "7"]
[White "Poniewierski, Piotr"]
[Black "Smeryk, Andriy"]
[Result "1-0"]
[WhiteElo "1747"]
[BlackElo "1397"]
[PlyCount "145"]
[EventDate "2022.07.09"]
[EventType "swiss"]
[EventRounds "9"]
[EventCountry "POL"]
[SourceTitle "CBM 209 Extra"]
[Source "ChessBase"]
[SourceDate "2022.09.30"]
[SourceVersion "1"]
[SourceVersionDate "2022.09.30"]
[SourceQuality "1"]

1. Nf3 Nf6 2. c4 e6 3. g3 b6 4. Bg2 Bb7 5. Nc3 Be7 6. 0-0 0-0 7. Re1 Bb4 8. Qb3 Bxc3 9. Qxc3 d6 10. d3 Nbd7 11. e4 e5 12. Qc2 Nc5 13. Bd2 Ne6 14. Bc3 c5 15. Nh4 Nd7 16. Nf5 Nb8 17. Rf1 Nc6 18. Qd1 Ncd4 19. Bxd4 Nxd4 20. Ne3 b5 21. cxb5 Nxb5 22. f4 Nd4 23. Qh5 f6 24. f5 Qe8 25. Qd1 a5 26. g4 h6 27. h4 Qe7 28. Qd2 Bc6 29. Kf2 a4 30. Bf3 Kf7 31. Rg1 Rh8 32. Nc2 Nb5 33. Rg2 Rag8 34. Rag1 g5 35. fxg6+ Rxg6 36. Ne3 Qd8 37. Qd1 Kf8 38. Qxa4 Nd4 39. Qc4 Bb5 40. Qc3 Bc6 41. Rg3 Rhg8 42. Bd1 Qb6 43. Ke1 Ke8 44. R3g2 Qb8 45. Rf1 Qb7 46. h5 R6g7 47. Rxf6 Qe7 48. Rf1 Qh4+ 49. Kd2 Bd7 50. Kc1 Be6 51. Kb1 Ra7 52. b3 Kd7 53. Nf5 Bxf5 54. exf5 Qf6 55. Qc4 Rb8 56. Rfg1 Rb4 57. Qg8 Kc6 58. Qe8+ Kb6 59. Qg6 Rf7 60. Qxf6 Rxf6 61. g5 hxg5 62. Rxg5 Nxf5 63. Rg6 Rf7 64. Bg4 Nh4 65. Rxd6+ Kc7 66. Re6 Rg7 67. h6 Rh7 68. Be2 Rd4 69. Rg7+ Rd7 70. Rxh7 Rxh7 71. Rxe5 Rxh6 72. Rxc5+ Kb6 73. Rh5 1-0

[Event "Warsaw Najdorf Memorial op-B"]
[Site "Warsaw"]
[Date "2022.07.10"]
[Round "2"]
[White "Smeryk, Andriy"]
[Black "Wieckowski, Michal"]
[Result "1/2-1/2"]
[WhiteElo "1397"]
[BlackElo "1669"]
[PlyCount "93"]
[EventDate "2022.07.09"]
[EventType "swiss"]
[EventRounds "9"]
[EventCountry "POL"]
[SourceTitle "CBM 209 Extra"]
[Source "ChessBase"]
[SourceDate "2022.09.30"]
[SourceVersion "1"]
[SourceVersionDate "2022.09.30"]
[SourceQuality "1"]

1. b3 d5 2. Bb2 c5 3. e3 Nc6 4. f4 e6 5. Nf3 Nf6 6. Bd3 Be7 7. 0-0 0-0 8. Ne5 Bd7 9. Rf3 Nxe5 10. Bxe5 g6 11. Rh3 Ne4 12. Qf3 f6 13. Bb2 e5 14. Rh4 f5 15. Rh6 Bf6 16. Bxe5 Bxe5 17. fxe5 Qe7 18. Bxe4 fxe4 19. Qg3 Rf5 20. Nc3 Qxe5 21. Qxe5 Rxe5 22. Rh4 Rf8 23. Rf4 Ref5 24. Raf1 Rxf4 25. Rxf4 Rxf4 26. exf4 Bc6 27. Nd1 d4 28. Nf2 Kf7 29. Ng4 Ke6 30. g3 Kf5 31. Nh6+ Ke6 32. Ng4 a5 33. Ne5 Be8 34. Nc4 a4 35. Nb6 axb3 36. axb3 Bc6 37. Kf2 Kf5 38. h3 h5 39. h4 Kg4 40. Nc4 Kh3 41. Ne5 Be8 42. Nc4 b5 43. Nd6 Bc6 44. f5 gxf5 45. Nxf5 Bd7 46. Nd6 Bc6 47. Nf5 1/2-1/2